000 00671nam a2200217 i 4500
001 46750
003 ES-MaACL
005 20251003063059.0
007 t|
008 030401s1962 sp ||||1| cat d
100 1 _aCongar, Yves,
_d1904-1995
_940170
245 1 3 _aLa qüestió racial /
_cpel Yves M. J. Congar.
260 _aBarcelona :
_bEstela,
_c[1962]
300 _a93 p. ;
_c19 cm.
490 1 _aCol-lecció "El Món Avui" ;
_v4
500 _aLa questió racial i el pensament modern.
650 0 7 _aRacismo
_2embne
_916646
830 0 _aCol-lecció "El Món Avui" ;
_v4
_9229992
852 _aES-MaACL
_jC-25447
_bR.50661
999 _c46750
_d46750